[Event "POL-chT Academic"]
[Site "Katowice"]
[Date "2018.02.03"]
[Round "5.12"]
[White "Warakomska, Anna"]
[Black "Zmarzly, Aleksandra"]
[Result "1-0"]
[WhiteElo "2269"]
[BlackElo "1962"]
[PlyCount "59"]
[EventDate "2018.02.03"]
[EventType "team-swiss (rapid)"]
[EventRounds "9"]
[EventCountry "POL"]
[SourceTitle "CBM 182 Extra"]
[Source "ChessBase"]
[SourceDate "2018.02.23"]
[SourceVersion "1"]
[SourceVersionDate "2018.02.23"]
[SourceQuality "1"]
[WhiteTeam "Gliwice Politechnika Slaska"]
[BlackTeam "Wroclaw PWr"]
[WhiteTeamCountry "POL"]
[BlackTeamCountry "POL"]

1. e4 c5 2. Nf3 d6 3. Bb5+ Bd7 4. Bxd7+ Nxd7 5. 0-0 Ngf6 6. Re1 g6 7. c3 Bg7 8. d4 0-0 9. Nbd2 Nh5 10. Nf1 cxd4 11. cxd4 Nb6 12. Qb3 Rc8 13. Be3 d5 14. e5 Qd7 15. h3 Bh8 16. Bh6 Rfd8 17. e6 fxe6 18. Ng5 e5 19. dxe5 e6 20. Nh2 Bg7 21. Bxg7 Kxg7 22. Ng4 Rf8 23. Rad1 Rf5 24. Ne4 Nc4 25. Nef6 Qe7 26. Qc3 Rc6 27. Qd4 a6 28. b3 Rf4 29. Nxh5+ gxh5 30. Qxf4 1-0

[Event "POL-chT 2nd League"]
[Site "Jastrzebia Gora"]
[Date "2016.09.10"]
[Round "8.54"]
[White "Murawko, Katarzyna"]
[Black "Zmarzly, Aleksandra"]
[Result "1-0"]
[WhiteElo "2031"]
[BlackElo "2011"]
[PlyCount "65"]
[EventDate "2016.09.03"]
[EventType "team-swiss"]
[EventRounds "9"]
[EventCountry "POL"]
[SourceTitle "EXT 2017"]
[Source "ChessBase"]
[SourceDate "2016.10.25"]
[SourceVersion "1"]
[SourceVersionDate "2016.10.25"]
[SourceQuality "1"]
[WhiteTeam "Debica Gryf"]
[BlackTeam "Wroclaw Polonia"]
[WhiteTeamCountry "POL"]
[BlackTeamCountry "POL"]

1. e4 e6 2. d4 d5 3. Nc3 Nf6 4. e5 Nfd7 5. f4 c5 6. Nf3 a6 7. Be3 Qb6 8. Rb1 Nc6 9. Qd2 Qa7 10. Nd1 b5 11. c3 Rb8 12. Bd3 g6 13. 0-0 c4 14. Bc2 b4 15. Nf2 Na5 16. Qe2 Qc7 17. g4 h5 18. Ng5 Nb6 19. f5 gxf5 20. gxf5 b3 21. axb3 cxb3 22. Bd3 Nac4 23. Bc1 Qe7 24. Nfh3 Rb7 25. Kh1 h4 26. fxe6 Bxe6 27. Nxe6 Qxe6 28. Ng5 Qc6 29. Rf6 Qc8 30. e6 fxe6 31. Bg6+ Ke7 32. Rxe6+ Kd7 33. Bf5 1-0

[Event "Tatry op"]
[Site "Tatranske Zruby"]
[Date "2015.10.02"]
[Round "8"]
[White "Volodin, Viktor Nikolaevich"]
[Black "Zmarzly, Aleksandra"]
[Result "1-0"]
[WhiteElo "2198"]
[BlackElo "1973"]
[PlyCount "89"]
[EventDate "2015.09.26"]
[EventType "swiss"]
[EventRounds "9"]
[EventCountry "SVK"]
[SourceTitle "CBM 168 Extra"]
[Source "ChessBase"]
[SourceDate "2015.10.29"]
[SourceVersion "1"]
[SourceVersionDate "2015.10.29"]
[SourceQuality "1"]

1. Nf3 Nf6 2. c4 c5 3. Nc3 Nc6 4. d4 cxd4 5. Nxd4 g6 6. e4 d6 7. Be2 Bg7 8. Be3 0-0 9. 0-0 a6 10. f3 Nd7 11. Nb3 Rb8 12. Qd2 Re8 13. Rfd1 b6 14. Bf1 Nc5 15. Nc1 Be6 16. Rb1 Ne5 17. b4 Ncd7 18. Nd5 Bxd5 19. exd5 Qc7 20. Nb3 Rbc8 21. Rbc1 Qb7 22. h3 Nf6 23. c5 dxc5 24. bxc5 bxc5 25. Nxc5 Qa8 26. f4 Ned7 27. Nxa6 Rxc1 28. Qxc1 Rc8 29. Qd2 Ne4 30. Qa5 Rc3 31. Bd3 Nd6 32. Bf2 Qc8 33. Nb4 Rc1 34. Rf1 Rxf1+ 35. Bxf1 Ne4 36. Nc6 Bf6 37. Be3 Ng3 38. Ba6 Qa8 39. Qd2 Qd8 40. Nxd8 Nf5 41. Bf2 Nd4 42. Nc6 Nc2 43. a4 Kf8 44. Bd3 Na3 45. a5 1-0

[Event "POL-chT 1st League"]
[Site "Jastrzebia Gora"]
[Date "2015.09.06"]
[Round "2.18"]
[White "Chrzaszcz, Malvina"]
[Black "Zmarzly, Aleksandra"]
[Result "1-0"]
[WhiteElo "2039"]
[BlackElo "1973"]
[PlyCount "55"]
[EventDate "2015.09.05"]
[EventType "team-tourn"]
[EventRounds "9"]
[EventCountry "POL"]
[SourceTitle "EXT 2016"]
[Source "ChessBase"]
[SourceDate "2015.10.08"]
[SourceVersion "1"]
[SourceVersionDate "2015.10.08"]
[SourceQuality "1"]
[WhiteTeam "Myslenice"]
[BlackTeam "Wisznia Mala"]
[WhiteTeamCountry "POL"]
[BlackTeamCountry "POL"]

1. e4 c5 2. Nf3 d6 3. d4 cxd4 4. Nxd4 Nf6 5. Nc3 a6 6. Bg5 e6 7. f4 h6 8. Bh4 Nbd7 9. Qf3 Qc7 10. 0-0-0 Be7 11. Bd3 g5 12. fxg5 Ne5 13. Qe2 Nfg4 14. Kb1 hxg5 15. Bg3 Bd7 16. h3 Nf6 17. Nf3 Nh5 18. Bh2 Rc8 19. Rhf1 b5 20. Nxe5 dxe5 21. Qf3 Rh7 22. Nd5 exd5 23. exd5 Rh8 24. Qxf7+ Kd8 25. Bg6 Be8 26. d6 Bxd6 27. Qe6 Bd7 28. Rxd6 1-0

[Event "POL-chT 2nd League"]
[Site "Szczyrk"]
[Date "2014.09.14"]
[Round "9.6"]
[White "Jakubiec, Edyta"]
[Black "Zmarzly, Aleksandra"]
[Result "1/2-1/2"]
[WhiteElo "2212"]
[BlackElo "1990"]
[PlyCount "89"]
[EventDate "2014.09.06"]
[EventType "team-swiss"]
[EventRounds "9"]
[EventCountry "POL"]
[SourceTitle "EXT 2015"]
[Source "ChessBase"]
[SourceDate "2014.11.20"]
[SourceVersion "1"]
[SourceVersionDate "2014.11.20"]
[SourceQuality "1"]
[WhiteTeam "Dabrowa Gornicza Zaglebie"]
[BlackTeam "Wisznia Mala OKSiR"]
[WhiteTeamCountry "POL"]
[BlackTeamCountry "POL"]

1. e4 e6 2. Nf3 d5 3. e5 c5 4. c3 Nc6 5. Na3 a6 6. Nc2 b5 7. d4 Bb7 8. Bd3 Qc7 9. 0-0 Rc8 10. Ng5 g6 11. Qf3 Bg7 12. Bd2 c4 13. Be2 h6 14. Nh3 Nge7 15. g3 Nxe5 16. Qg2 Nd7 17. f4 Nf6 18. Rae1 Ne4 19. Bc1 a5 20. a3 Qb6 21. g4 Rg8 22. Be3 Qc7 23. Kh1 Qd7 24. Ng1 h5 25. gxh5 gxh5 26. Qh3 Nf5 27. Nf3 h4 28. Ne5 Qe7 29. Bg4 Bxe5 30. fxe5 Nxe3 31. Nxe3 Rc7 32. Bf3 b4 33. axb4 axb4 34. Ng4 Kd8 35. Bg2 Qg5 36. Nf6 Nxf6 37. Rxf6 Rg7 38. Ref1 Qd2 39. R6f2 Qg5 40. Rf4 Rh7 41. Rg4 Qd2 42. Rxh4 Rg7 43. Rhf4 Rg8 44. Qh4+ Ke8 45. R4f2 1/2-1/2

[Event "Wroclaw Anderssen Memorial (Women) 22nd"]
[Site "Wroclaw"]
[Date "2013.06.30"]
[Round "2"]
[White "Iwanow, Anna"]
[Black "Zmarzly, Aleksandra"]
[Result "1-0"]
[WhiteElo "2227"]
[BlackElo "2030"]
[PlyCount "89"]
[EventDate "2013.06.30"]
[EventType "k.o. (rapid)"]
[EventRounds "3"]
[EventCountry "POL"]
[SourceTitle "CBM 155 Extra"]
[Source "ChessBase"]
[SourceDate "2013.08.26"]
[SourceVersion "1"]
[SourceVersionDate "2013.08.26"]
[SourceQuality "1"]

1. e4 c5 2. Nf3 d6 3. d4 cxd4 4. Nxd4 Nf6 5. Nc3 a6 6. Be3 e6 7. f3 b5 8. g4 Bb7 9. Qd2 Nfd7 10. 0-0-0 Nb6 11. Kb1 N8d7 12. Nb3 Rc8 13. h4 Qc7 14. Bd3 b4 15. Ne2 d5 16. exd5 Nxd5 17. Ned4 Ne5 18. Be2 Be7 19. Bg5 0-0 20. f4 Nc4 21. Bxc4 Qxc4 22. Na5 Qc7 23. Nxb7 Qxb7 24. Bxe7 Qxe7 25. h5 Qb7 26. Ka1 Rfd8 27. g5 Rc4 28. Nb3 Qc7 29. g6 Rxc2 30. gxf7+ Kxf7 31. Qd3 Kg8 32. Nd4 Rc6 33. Nxc6 Qxc6 34. Rhg1 Rd7 35. Rc1 Qb7 36. Qe4 Re7 37. Qe5 Qd7 38. Rg2 h6 39. Rcg1 Rf7 40. Rd2 Qc6 41. f5 Nc7 42. f6 Nd5 43. fxg7 Qb6 44. Rdd1 Ne3 45. Qxe3 1-0

[Event "Wroclaw Anderssen Memorial (Women) 22nd"]
[Site "Wroclaw"]
[Date "2013.06.30"]
[Round "1"]
[White "Zmarzly, Aleksandra"]
[Black "Cagara, Paulina"]
[Result "1-0"]
[WhiteElo "2030"]
[BlackElo "2028"]
[PlyCount "90"]
[EventDate "2013.06.30"]
[EventType "k.o. (rapid)"]
[EventRounds "3"]
[EventCountry "POL"]
[SourceTitle "CBM 155 Extra"]
[Source "ChessBase"]
[SourceDate "2013.08.26"]
[SourceVersion "1"]
[SourceVersionDate "2013.08.26"]
[SourceQuality "1"]

1. d4 f5 2. g3 Nf6 3. Bg2 g6 4. c3 Bg7 5. Qb3 c6 6. Nh3 Qb6 7. Nd2 Qxb3 8. axb3 0-0 9. Nf3 d6 10. Nf4 Ne4 11. Nd3 h6 12. h4 Be6 13. c4 Nd7 14. 0-0 Bf7 15. Be3 a6 16. Rfd1 Ndf6 17. Nd2 Nxd2 18. Bxd2 Ne4 19. Bc3 g5 20. hxg5 hxg5 21. e3 Rae8 22. Be1 Rd8 23. f3 Nf6 24. Bc3 Nd7 25. e4 fxe4 26. fxe4 Bh5 27. Rd2 Bf3 28. Ra5 Bxg2 29. Kxg2 Nf6 30. Nf2 Bh6 31. Re2 Rf7 32. e5 dxe5 33. Raxe5 Kf8 34. Bb4 Rd7 35. Bc5 g4 36. Nd3 Bg7 37. Nf4 Ne8 38. Ne6+ Kg8 39. Nxg7 Kxg7 40. Rg5+ Kh6 41. Rxg4 Nf6 42. Rh4+ Kg6 43. Rh1 Ng4 44. Rhe1 b5 45. Re6+ Kg5 1-0

[Event "Wroclaw Anderssen Memorial op 22nd"]
[Site "Wroclaw"]
[Date "2013.06.29"]
[Round "8"]
[White "Zmarzly, Aleksandra"]
[Black "Jaracz, Barbara"]
[Result "1-0"]
[WhiteElo "2030"]
[BlackElo "2270"]
[PlyCount "87"]
[EventDate "2013.06.29"]
[EventType "swiss (rapid)"]
[EventRounds "9"]
[EventCountry "POL"]
[SourceTitle "CBM 155 Extra"]
[Source "ChessBase"]
[SourceDate "2013.08.26"]
[SourceVersion "1"]
[SourceVersionDate "2013.08.26"]
[SourceQuality "1"]

1. e4 e5 2. Nf3 Nc6 3. Bb5 a6 4. Bxc6 dxc6 5. Nc3 f6 6. d4 exd4 7. Qxd4 Qxd4 8. Nxd4 c5 9. Nde2 Bd7 10. Bf4 0-0-0 11. 0-0-0 Ne7 12. Bg3 Nc6 13. Nd5 Ne5 14. Nec3 Bc6 15. f4 Nc4 16. b3 Nd6 17. Rhe1 b5 18. e5 fxe5 19. fxe5 Nf5 20. e6 Bd6 21. e7 Rde8 22. Bxd6 cxd6 23. Ne4 h5 24. h3 h4 25. Rf1 Rh5 26. a3 Kd7 27. Nb6+ Kc7 28. Nd5+ Kd7 29. Nb6+ Kxe7 30. Rfe1 Kf8 31. Nd5 Nd4 32. Rf1+ Kg8 33. Nxd6 Rd8 34. Nf4 Rh6 35. Nf5 Nxf5 36. Rxd8+ Kh7 37. Rc8 Be4 38. Re1 Nd6 39. Rd8 Bf5 40. Nd5 Ne4 41. Ne7 g6 42. Ra8 Kg7 43. Ra7 Kf6 44. Ng8+ 1-0

[Event "Wroclaw Anderssen Memorial op 22nd"]
[Site "Wroclaw"]
[Date "2013.06.29"]
[Round "3"]
[White "Zmarzly, Aleksandra"]
[Black "Ulanowski, Marek"]
[Result "1-0"]
[WhiteElo "2030"]
[BlackElo "1424"]
[PlyCount "65"]
[EventDate "2013.06.29"]
[EventType "swiss (rapid)"]
[EventRounds "9"]
[EventCountry "POL"]
[SourceTitle "CBM 155 Extra"]
[Source "ChessBase"]
[SourceDate "2013.08.26"]
[SourceVersion "1"]
[SourceVersionDate "2013.08.26"]
[SourceQuality "1"]

1. e4 c5 2. Nf3 d6 3. d4 cxd4 4. Nxd4 Nf6 5. Nc3 a6 6. Bg5 h6 7. Bxf6 exf6 8. Bc4 Be7 9. 0-0 0-0 10. Bb3 Qc7 11. Nd5 Qd8 12. Ne3 Be6 13. Bxe6 fxe6 14. Nxe6 Qe8 15. Qd5 Qc6 16. Nxf8+ Kxf8 17. Nf5 Qxd5 18. exd5 Nd7 19. Rfe1 Ne5 20. Nxe7 Kxe7 21. f4 Rc8 22. fxe5 dxe5 23. Re2 Rc5 24. Rd1 Kd6 25. b3 Ra5 26. c4 b5 27. b4 Ra4 28. c5+ Kd7 29. c6+ Kd6 30. Rc2 Rxb4 31. c7 Rc4 32. Rxc4 bxc4 33. c8Q 1-0

[Event "POL-chT 1st League"]
[Site "Poronin"]
[Date "2012.09.??"]
[Round "9"]
[White "Bednarska, Malgorzata"]
[Black "Zmarzly, Aleksandra"]
[Result "1/2-1/2"]
[WhiteElo "2131"]
[BlackElo "2035"]
[PlyCount "70"]
[EventDate "2012.09.01"]
[EventType "team-tourn"]
[EventRounds "9"]
[EventCountry "POL"]
[SourceTitle "EXT 2013"]
[Source "ChessBase"]
[SourceDate "2012.11.22"]
[SourceVersion "1"]
[SourceVersionDate "2012.11.22"]
[SourceQuality "1"]
[WhiteTeam "Warszawa YMCA"]
[BlackTeam "Legnica Miedz"]
[WhiteTeamCountry "POL"]
[BlackTeamCountry "POL"]

1. e4 e6 2. d4 d5 3. Nc3 Nf6 4. Bg5 Bb4 5. e5 h6 6. Bd2 Bxc3 7. bxc3 Ne4 8. Qg4 g6 9. h4 c5 10. Bd3 Nxd2 11. Kxd2 Nc6 12. h5 g5 13. f4 c4 14. Be2 f5 15. Qg3 g4 16. Qe1 Qa5 17. Ke3 Bd7 18. Bf1 b5 19. a3 Qa4 20. Qc1 Qa5 21. Ne2 a6 22. g3 Rb8 23. Bg2 Rh7 24. Qg1 Qa4 25. Kd2 Rf7 26. Qh2 Qa5 27. Rhb1 Qc7 28. Qh1 a5 29. Ra2 Bc8 30. Ke3 Ba6 31. Qe1 Qa7 32. Qh1 Qc7 33. Qe1 Qa7 34. Qh1 Qc7 35. Qe1 Qa7 1/2-1/2

[Event "POL-chT 1st League"]
[Site "Poronin"]
[Date "2012.09.??"]
[Round "1"]
[White "Leks, Maria"]
[Black "Zmarzly, Aleksandra"]
[Result "1-0"]
[WhiteElo "2055"]
[BlackElo "2035"]
[PlyCount "75"]
[EventDate "2012.09.01"]
[EventType "team-tourn"]
[EventRounds "9"]
[EventCountry "POL"]
[SourceTitle "EXT 2013"]
[Source "ChessBase"]
[SourceDate "2012.11.22"]
[SourceVersion "1"]
[SourceVersionDate "2012.11.22"]
[SourceQuality "1"]
[WhiteTeam "Warszawa Polonia"]
[BlackTeam "Legnica Miedz"]
[WhiteTeamCountry "POL"]
[BlackTeamCountry "POL"]

1. e4 c5 2. Nf3 d6 3. d4 cxd4 4. Nxd4 Nf6 5. Nc3 a6 6. Be2 e6 7. 0-0 Be7 8. a4 0-0 9. Be3 Nc6 10. Kh1 Qc7 11. f4 Re8 12. Bf3 Rb8 13. g4 Nxd4 14. Bxd4 e5 15. fxe5 dxe5 16. Ba7 Ra8 17. g5 Rd8 18. Qe2 Ne8 19. Be3 Be6 20. Bg4 Nd6 21. Bxe6 fxe6 22. Qg4 Qd7 23. g6 h6 24. Rad1 Rf8 25. Rg1 Rad8 26. Bb6 Rf4 27. Qh5 Bf6 28. Bxd8 Qxd8 29. Rgf1 Rh4 30. Qe2 Qb6 31. Qd3 Be7 32. Qf3 Rf4 33. Qg2 Qxb2 34. Qh3 Qxc2 35. Qxe6+ Kf8 36. Rxf4+ exf4 37. Rxd6 Qc1+ 38. Rd1 1-0

[Event "POL-chT 1st League"]
[Site "Poronin"]
[Date "2012.09.??"]
[Round "5"]
[White "Mareckova, Martina"]
[Black "Zmarzly, Aleksandra"]
[Result "1/2-1/2"]
[WhiteElo "2081"]
[BlackElo "2035"]
[PlyCount "81"]
[EventDate "2012.09.01"]
[EventType "team-tourn"]
[EventRounds "9"]
[EventCountry "POL"]
[SourceTitle "EXT 2013"]
[Source "ChessBase"]
[SourceDate "2012.11.22"]
[SourceVersion "1"]
[SourceVersionDate "2012.11.22"]
[SourceQuality "1"]
[WhiteTeam "Pawlowice GKS Pniowek 74"]
[BlackTeam "Legnica Miedz"]
[WhiteTeamCountry "POL"]
[BlackTeamCountry "POL"]

1. e4 c5 2. Nc3 Nc6 3. Bb5 g6 4. Bxc6 dxc6 5. d3 Bg7 6. f4 Nf6 7. Nf3 0-0 8. 0-0 b6 9. Kh1 Qc7 10. Qe2 Rd8 11. Bd2 a5 12. a4 Rb8 13. Rae1 Bg4 14. h3 Bxf3 15. Rxf3 b5 16. b3 e5 17. f5 Qd6 18. Be3 Nd7 19. Ref1 Rf8 20. Qf2 c4 21. dxc4 bxc4 22. Rd1 Qc7 23. bxc4 Rb2 24. Qd2 Nb6 25. Qd3 Rc8 26. Bc5 Bf8 27. fxg6 hxg6 28. Bxf8 Rxf8 29. c5 Nc8 30. Rf2 Qe7 31. Qc4 Rb4 32. Qd3 Qxc5 33. Qg3 Rc4 34. Rf6 Ne7 35. Rd3 Kg7 36. Rf1 f6 37. Qf3 Rf7 38. Qg3 Rf8 39. Qf3 Rf7 40. Qg3 Rf8 41. Qf3 1/2-1/2

[Event "POL-chT 1st League"]
[Site "Poronin"]
[Date "2012.09.??"]
[Round "8"]
[White "Zmarzly, Aleksandra"]
[Black "Jakubiec, Edyta"]
[Result "0-1"]
[WhiteElo "2035"]
[BlackElo "2183"]
[PlyCount "140"]
[EventDate "2012.09.01"]
[EventType "team-tourn"]
[EventRounds "9"]
[EventCountry "POL"]
[SourceTitle "EXT 2013"]
[Source "ChessBase"]
[SourceDate "2012.11.22"]
[SourceVersion "1"]
[SourceVersionDate "2012.11.22"]
[SourceQuality "1"]
[WhiteTeam "Legnica Miedz"]
[BlackTeam "Krakow TKKF Drogowiec"]
[WhiteTeamCountry "POL"]
[BlackTeamCountry "POL"]

1. d4 Nf6 2. c4 g6 3. Nc3 Bg7 4. e4 d6 5. f3 0-0 6. Nge2 Nc6 7. Be3 a6 8. Qd2 Rb8 9. Nc1 e5 10. d5 Nd4 11. Nb3 Nxb3 12. axb3 c5 13. g4 h5 14. h3 Nh7 15. 0-0-0 h4 16. g5 Bd7 17. Kc2 b5 18. Ra1 b4 19. Na4 f6 20. gxf6 Bxf6 21. Rg1 g5 22. Qg2 Kh8 23. Qf2 Qc8 24. Qd2 Rg8 25. Rh1 Rb7 26. Bg2 Be8 27. Rhf1 Bd8 28. Rg1 Rf7 29. Rgf1 Bd7 30. Rh1 Nf8 31. Rhg1 Rfg7 32. Rh1 Ng6 33. Bf1 Nf4 34. Qh2 Nh5 35. Rg1 Rf7 36. Qh1 Nf4 37. Bxf4 exf4 38. Qg2 Re7 39. Rh1 Re5 40. Kc1 Be8 41. Qf2 Bf6 42. Bg2 Re7 43. Rd1 Rb7 44. Bf1 Bd7 45. Qh2 Qe8 46. Qf2 Qe5 47. Rd2 Qe7 48. Rd1 Qg7 49. Rd3 Be5 50. Bg2 Qf6 51. Ra2 Be8 52. Bf1 Rgg7 53. Bg2 Rh7 54. Ra1 Bg6 55. Ra2 Bd4 56. Qf1 g4 57. hxg4 h3 58. Bxh3 Qh4 59. Bg2 Qg3 60. Kb1 Be3 61. Rd1 Rh2 62. Bh1 Rbh7 63. Nb6 Rxh1 64. Qxh1 Rxh1 65. Rxh1+ Kg7 66. Rxa6 Qxf3 67. Ra7+ Kf6 68. Nd7+ Kg5 69. Re1 Bxe4+ 70. Ka2 Qf2 0-1

[Event "POL-chT 1st League"]
[Site "Poronin"]
[Date "2012.09.??"]
[Round "4"]
[White "Zmarzly, Aleksandra"]
[Black "Toma, Katarzyna"]
[Result "0-1"]
[WhiteElo "2035"]
[BlackElo "2290"]
[PlyCount "64"]
[EventDate "2012.09.01"]
[EventType "team-tourn"]
[EventRounds "9"]
[EventCountry "POL"]
[SourceTitle "EXT 2013"]
[Source "ChessBase"]
[SourceDate "2012.11.22"]
[SourceVersion "1"]
[SourceVersionDate "2012.11.22"]
[SourceQuality "1"]
[WhiteTeam "Legnica Miedz"]
[BlackTeam "Lublin Drakon SKOK Chmielewskiego"]
[WhiteTeamCountry "POL"]
[BlackTeamCountry "POL"]

1. e4 c5 2. Nf3 Nc6 3. Bb5 g6 4. c3 Bg7 5. 0-0 Nf6 6. e5 Nd5 7. d4 cxd4 8. cxd4 0-0 9. Qb3 Nc7 10. Be2 d6 11. Rd1 dxe5 12. dxe5 Qe8 13. Bf4 Be6 14. Qa3 Nd5 15. Bg3 Ndb4 16. Rc1 Bh6 17. Nbd2 Rd8 18. Nb3 Bxc1 19. Rxc1 Bf5 20. Bf4 Qd7 21. Nc5 Qd5 22. h3 b6 23. Na6 Nxa6 24. Bxa6 Nd4 25. Nxd4 Qxd4 26. Bg5 Rfe8 27. Bxe7 Rd5 28. Bc4 Rxe5 29. Bb4 a5 30. Bc3 Qxc4 31. b3 Qc5 32. Qb2 Re2 0-1

[Event "Warsaw Najdorf Memorial op-A"]
[Site "Warsaw"]
[Date "2012.08.13"]
[Round "8"]
[White "Zmarzly, Aleksandra"]
[Black "Maciaga, Marcin"]
[Result "0-1"]
[WhiteElo "2045"]
[BlackElo "2224"]
[PlyCount "70"]
[EventDate "2012.08.06"]
[EventType "swiss"]
[EventRounds "9"]
[EventCountry "POL"]
[SourceTitle "CBM 149 Extra"]
[Source "ChessBase"]
[SourceDate "2012.08.24"]
[SourceVersion "1"]
[SourceVersionDate "2012.08.24"]
[SourceQuality "1"]

1. e4 c5 2. Nf3 d6 3. d4 cxd4 4. Nxd4 Nf6 5. Nc3 a6 6. Bg5 Nbd7 7. Bc4 Qb6 8. Bb3 e6 9. Bxf6 Nxf6 10. f4 Be7 11. Qd2 Qc5 12. 0-0-0 b5 13. Rde1 0-0 14. g4 Bd7 15. g5 Nh5 16. f5 b4 17. Nd1 e5 18. Nf3 Kh8 19. Ne3 a5 20. Bd5 Rac8 21. Rhg1 a4 22. b3 Bd8 23. g6 fxg6 24. Ng5 Bxg5 25. Rxg5 Nf4 26. Bc4 Bc6 27. fxg6 Bxe4 28. gxh7 axb3 29. Bxb3 Nd3+ 30. Kb1 Rf2 31. Re2 Qxe3 32. cxd3 Rf1+ 33. Bd1 Rxd1+ 34. Qxd1 Bxd3+ 35. Ka1 Bxe2 0-1

[Event "Warsaw Najdorf Memorial op-A"]
[Site "Warsaw"]
[Date "2012.08.10"]
[Round "6"]
[White "Zmarzly, Aleksandra"]
[Black "Winski, Lukasz"]
[Result "1/2-1/2"]
[WhiteElo "2045"]
[BlackElo "2124"]
[PlyCount "29"]
[EventDate "2012.08.06"]
[EventType "swiss"]
[EventRounds "9"]
[EventCountry "POL"]
[SourceTitle "CBM 149 Extra"]
[Source "ChessBase"]
[SourceDate "2012.08.24"]
[SourceVersion "1"]
[SourceVersionDate "2012.08.24"]
[SourceQuality "1"]

1. d4 Nf6 2. c4 e6 3. Nc3 Bb4 4. e3 0-0 5. Bd3 c5 6. a3 Bxc3+ 7. bxc3 d5 8. Ne2 Nbd7 9. 0-0 b6 10. cxd5 exd5 11. Ng3 Bb7 12. f3 Re8 13. Ra2 Nf8 14. Re2 Ng6 15. Bb2 1/2-1/2

[Event "Warsaw Najdorf Memorial op-A"]
[Site "Warsaw"]
[Date "2012.08.09"]
[Round "4"]
[White "Zmarzly, Aleksandra"]
[Black "Gasik, Piotr"]
[Result "1-0"]
[WhiteElo "2045"]
[BlackElo "2132"]
[PlyCount "75"]
[EventDate "2012.08.06"]
[EventType "swiss"]
[EventRounds "9"]
[EventCountry "POL"]
[SourceTitle "CBM 149 Extra"]
[Source "ChessBase"]
[SourceDate "2012.08.24"]
[SourceVersion "1"]
[SourceVersionDate "2012.08.24"]
[SourceQuality "1"]

1. d4 c5 2. d5 e5 3. e4 d6 4. Nc3 Be7 5. Nf3 Bg4 6. h3 Bc8 7. Be2 a6 8. a4 Nf6 9. Nd2 Nbd7 10. 0-0 0-0 11. Kh1 Ne8 12. Nc4 Nb6 13. Nxb6 Qxb6 14. Bg4 Nf6 15. Bxc8 Rfxc8 16. Qf3 Qd8 17. g4 Rab8 18. g5 Nd7 19. Qg4 Nf8 20. h4 Qd7 21. Qg3 f5 22. f4 fxe4 23. f5 Bd8 24. Nxe4 b5 25. axb5 Qxb5 26. Qf3 Rb6 27. h5 Qe8 28. Qh3 Rc7 29. g6 Qd7 30. Qg2 Bf6 31. h6 Qe8 32. hxg7 Bxg7 33. gxh7+ Nxh7 34. f6 Qh5+ 35. Kg1 Rb4 36. Rxa6 Rxe4 37. Ra8+ Nf8 38. fxg7 1-0